| 000 | 01607cam a22004097a 4500 | ||
|---|---|---|---|
| 003 | CHAP | ||
| 005 | 20220329141013.0 | ||
| 008 | 971013s1996 r 00010 d | ||
| 010 | _a61160 | ||
| 011 | _a62132 | ||
| 035 | _a66306 | ||
| 040 | _cCHAP | ||
| 090 | _aTesis | ||
| 100 | 0 | 0 |
_aBuendía Nieto, Ariel. _915947 |
| 245 | 0 | _aSeguridad alimentaria y participación de la mujer campesina en huertos caseros estudio de caso en las comunidades de Novara, edo. de Veracruz y San Miguel Tlaixpan, Edo. de México | |
| 260 |
_aChapingo, Méx. : _bEl autor, _c1996 |
||
| 300 |
_a85 h. _b: ilus. ; gráfs. |
||
| 502 | _aTesis (Ing. Agr. Esp. en Fitotecnia) -- UACH. Departamento de Fitotecnia | ||
| 590 |
_aALEPH _b10 _c20130110 _lUCH01 _h1340 |
||
| 590 |
_aBATCH-UPD _b10 _c20130110 _lUCH01 _h0343 |
||
| 590 |
_aBATCH-UPD _b10 _c20130110 _lUCH01 _h1731 |
||
| 590 |
_aBATCH-UPD _b10 _c20130410 _lUCH01 _h0016 |
||
| 590 |
_aBATCH-UPD _b10 _c20130913 _lUCH01 _h2207 |
||
| 590 |
_aBATCH-UPD _b10 _c20130914 _lUCH01 _h1626 |
||
| 590 |
_aCONVERSION _b10 _c20130109 _lUCH01 _h1333 |
||
| 650 | 1 | 4 |
_aAgroforestería. _92156 |
| 650 | 1 | 4 |
_aAlimentos _xAbastecimiento _xMéxico (Edo.) _94133 |
| 650 | 1 | 4 |
_aAlimentos _xAbastecimiento _xVeracruz. _94146 |
| 650 | 1 | 4 |
_aHuertos familiares. _956726 |
| 650 | 1 | 4 |
_aMujer en comunidades rurales _xMéxico (Edo.) _979376 |
| 650 | 1 | 4 |
_aMujer en comunidades rurales _xVeracruz. _979384 |
| 700 | 0 |
_aMorán Valente, Miguel Angel. _978858 |
|
| 901 | _aBK | ||
| 942 | _cFOLL | ||
| 949 |
_bBC _cTES _d-151482 _eTS1 _h29343 _i66306 _si |
||
| 949 |
_bBC _cTES _d33724000907564 _eTS2 _fc.2 _h29344 _i66306 _si |
||
| 999 |
_c61160 _d61160 |
||